| 000 | 00706nam a22002177a 4500 | ||
|---|---|---|---|
| 003 | UA-OsUOA | ||
| 001 | 68753 | ||
| 007 | ta | ||
| 008 | 20100517b un ||||| |||| 00| 0 ukr d | ||
| 100 | _aСюндюков І. | ||
| 090 |
_a94(477) _bС98 |
||
| 942 | _cSA | ||
| 040 |
_aUA-OsUOA _bukr _cUA-OsUOA _dUA-OsUOA |
||
| 245 | _aУ зачарованому колі: рік 1920-й рік. До 90-річчя укладання Варшавського договору Юзефа Пілсудського та Симона Петлюри | ||
| 300 | _aС.9 | ||
| 955 | _a0 | ||
| 041 | _aukr | ||
| 080 | _a94(477) | ||
| 773 | 0 | _w68750 | |
| 650 | 7 |
_a9 Географія. Біографії. Історія _2UDC |
|
| 999 |
_c355005 _d355005 |
||